000 02084nam a2200553 i 4500
001 991053158324405066
003 NyNyJPI
005 20260413195501.0
008 251024s2025 pl co |001 0 pol c
009 b1000007501427
015 _aUWD 2025/36987
020 _a9788383763958
_q(oprawa miękka) :
_czł 40
035 _a(PL)b1000007501427
035 _a(EXLNZ-48OMNIS_NETWORK)9915199085705606
040 _aWA N
_cWA N
_dWA N
_dLUBL U
_dŁ M
_dKR U
_dWR U
_dWA U
_dWR U
_dLUBL KUL
_dGD U
045 2 _bd1941
_bd1942
046 _k2025
080 _a94(438).082.4
084 _a01
100 1 _aKalbarczyk, Sławomir
_d(1961- )
_eAutor
245 1 0 _aJak Feniks z popiołów... Armia Polska w Związku Sowieckim 1941-1942 /
_cSławomir Kalbarczyk ; Instytut Pamięci Narodowej - Komisja Ścigania Zbrodni przeciwko Narodowi Polskiemu.
260 _aWarszawa :
_bInstytut Pamięci Narodowej,
_c2025.
300 _a279 stron :
_bfotografie, portrety ;
_c21 cm.
336 _aTekst
_btxt
_2rdacontent
337 _aBez urządzenia pośredniczącego
_bn
_2rdamedia
338 _aWolumin
_bnc
_2rdacarrier
380 _aKsiążki
380 _aPublikacje naukowe
388 1 _a2001-
490 1 _aBiblioteczka Szlaków Nadziei
490 1 _aSzlaki Nadziei - Odyseja Wolności
504 _aBibliografia na stronach 257-265. Indeksy.
530 _aKsiążka dostępna także jako e-book.
610 2 7 _aPolskie Siły Zbrojne w ZSRR (1941-1942)
_2DBN
610 1 0 _aPoland.
_bPolskie Siły Zbrojne.
_bPolskie Siły Zbrojne w ZSRR
_xHistory.
648 7 _a1901-2000
_2DBN
648 7 _a1939-1945
_2DBN
650 7 _aII wojna światowa (1939-1945)
_2DBN
650 7 _aPolacy za granicą
_2DBN
651 7 _aZSRR
_2DBN
651 0 _aPoland
_xArmed Forces
_zSoviet Union.
655 7 _aOpracowanie
_2DBN
658 _aBezpieczeństwo i wojskowość
658 _aHistoria
710 2 _aInstytut Pamięci Narodowej
_eInstytucja sprawcza
_eWydawca
_4pbl
830 0 _aBiblioteczka Szlaków Nadziei
830 0 _aSzlaki Nadziei - Odyseja Wolności
942 _2z
_cBK
_n0
999 _c91113
_d91113